Zeměpis pro 4. ročník gymnasií

Bibliographic Details
Main Author: Obermann, Alois (Author)
Format: Book
Language:Undetermined
PhysicalDescription:260 s.
Published: Praha Státní pedagogické nakladatelství 1974

MARC

LEADER 00000nam a2200000 a 4500
001 vtls001321695
003 SK-MaSNL
005 20260416164818.0
008 240318s1974 xx 0 und
035 |a SNK000274354 
040 |a SNK  |b slo  |c SNK  |e AACR2 
100 1 |a Obermann, Alois  |4 aut  |9 48551 
245 1 0 |a Zeměpis pro 4. ročník gymnasií 
260 |a Praha  |b Státní pedagogické nakladatelství  |c 1974 
300 |a 260 s. 
958 |a OND 
999 |c 545174  |d 547104 
952 |a SNK  |b SNK  |y PREZ  |7 0  |p 17A0959207  |o snkSC 34259  |0 0  |1 0  |4 0  |d 2012-10-11  |l 0  |r 2025-09-30 00:00:00  |w 2026-02-23 
952 |a SNK  |b SNK  |y VYP  |7 0  |p 17A0124452  |o snkSC 34259 D1  |0 0  |1 0  |4 0  |d 1998-02-19  |l 0  |r 2005-01-02 00:00:00  |w 2026-02-23